Atlas universel de géographie ancienne et moderne à l'usage des pensionnats [ (Record no. 167809)

MARC details
000 -LEADER
campo de control de longitud fija 00774nem a2200193 i 4500
001 - NÚMERO DE CONTROL
campo de control 167809
003 - IDENTIFICADOR DE NÚMERO DE CONTROL
campo de control ES-MaACL
005 - FECHA Y HORA DE LA ÚLTIMA TRANSACCIÓN
campo de control 20251014063246.0
008 - DATOS DE LONGITUD FIJA--INFORMACIÓN GENERAL
campo de control de longitud fija 050928s1843 fr ab | |0| ||fre d
100 1# - ENTRADA PRINCIPAL--NOMBRE DE PERSONA
Nombre de persona Vuillemin, Alexandre,
Fechas asociadas al nombre n. 1812
9 (RLIN) 133836
245 10 - MENCIÓN DEL TÍTULO
Título Atlas universel de géographie ancienne et moderne à l'usage des pensionnats [
Medio Material cartográfico] /
Mención de responsabilidad, etc. par Vuillemin, élève de Dufour.
260 ## - PUBLICACIÓN, DISTRIBUCIÓN, ETC.
Lugar de publicación, distribución, etc. Paris :
Nombre del editor, distribuidor, etc. J. Langlumé et Peltier, éditeurs,
Fecha de publicación, distribución, etc. 1843 (
Fabricante Imp. de Moquet et Hauquelin)
300 ## - DESCRIPCIÓN FÍSICA
Extensión 1 atlas ([4] p., 50 h. de mapas) ;
Dimensiones 25 x 32 cm.
599 ## - NOTA A LAS ILUSTRACIONES
NOTA A LAS ILUSTRACIONES Las h. de mapas cromolit.
650 #7 - PUNTO DE ACCESO ADICIONAL DE MATERIA--TÉRMINO DE MATERIA
Término de materia o nombre geográfico como elemento de entrada Atlas
Fuente del encabezamiento o término embne
9 (RLIN) 10407
650 #7 - PUNTO DE ACCESO ADICIONAL DE MATERIA--TÉRMINO DE MATERIA
Término de materia o nombre geográfico como elemento de entrada Geografía antigua
Fuente del encabezamiento o término embne
9 (RLIN) 136173
852 ## - LOCALIZACIÓN
Ubicación ES-MaACL
Número de control de estantería C-1624
Nota libre - Enc. hol.
Holdings
Estatus retirado Estado de pérdida Estado de daño No para préstamo Biblioteca de origen Biblioteca actual Ubicación en estantería Fecha de adquisición Fuente de adquisición Total de préstamos Signatura topográfica completa Código de barras Visto por última vez Precio de reemplazo Tipo de ítem Koha
        Biblioteca del Ateneo de Madrid Biblioteca del Ateneo de Madrid Sala Palomar 17/01/2008     C-1624 1176049 23/02/2023 23/02/2023 Mapa